[Event "Damhus-ch C"]
[Site "Rodovre"]
[Date "2011.10.11"]
[Round "6"]
[White "Henriksen, Franz"]
[Black "Hviid, Jens1111"]
[Result "1/2-1/2"]
[WhiteElo "1443"]
[BlackElo "1409"]
[PlyCount "58"]
[EventDate "2011.09.06"]
[EventType "tourn"]
[EventRounds "7"]
[EventCountry "DEN"]
[SourceTitle "EXT 2023"]
[Source "ChessBase"]
[SourceDate "2022.10.05"]
[SourceVersion "1"]
[SourceVersionDate "2022.10.05"]
[SourceQuality "1"]

1. c4 Nf6 2. Nc3 g6 3. g3 Bg7 4. Bg2 c6 5. f4 d5 6. cxd5 cxd5 7. Qa4+ Bd7 8. Qb3 Bc6 9. Nf3 Nbd7 10. Nd4 Qb6 11. Nxc6 Qxb3 12. axb3 bxc6 13. Ra6 Nb6 14. 0-0 0-0 15. e4 e6 16. e5 Nfd7 17. b4 Nb8 18. Ra2 a6 19. d3 N8d7 20. Be3 Rfb8 21. Rfa1 Bf8 22. Rxa6 Rxa6 23. Rxa6 Bxb4 24. h4 Nc5 25. Bxc5 Bxc5+ 26. Kh2 Ra8 27. Rxa8+ Nxa8 28. Na4 Ba7 29. Bf3 Nb6 1/2-1/2

[Event "Damhus-ch B"]
[Site "Rodovre"]
[Date "2010.10.12"]
[Round "6"]
[White "Henriksen, Franz"]
[Black "Lergren, Ole"]
[Result "0-1"]
[WhiteElo "1463"]
[BlackElo "1547"]
[PlyCount "84"]
[EventDate "2010.09.07"]
[EventType "tourn"]
[EventRounds "7"]
[EventCountry "DEN"]
[SourceTitle "EXT 2023"]
[Source "ChessBase"]
[SourceDate "2022.10.05"]
[SourceVersion "1"]
[SourceVersionDate "2022.10.05"]
[SourceQuality "1"]

1. f4 c5 2. e4 Nc6 3. Nf3 d6 4. Bc4 g6 5. 0-0 Bg7 6. c3 Nh6 7. Qb3 0-0 8. Ng5 Na5 9. Qa4 a6 10. Be2 b5 11. Qc2 f6 12. Nf3 Bb7 13. d4 f5 14. e5 cxd4 15. cxd4 Be4 16. Qd1 Rc8 17. Nc3 Ba8 18. Be3 Ng4 19. Bd2 Nc4 20. Qb3 Kh8 21. h3 Nxd2 22. Nxd2 Ne3 23. Rf2 dxe5 24. dxe5 Nxg2 25. Nf1 Qb6 26. Nd5 Bxd5 27. Qxd5 Nxf4 28. Qf3 Bxe5 29. Re1 Nxe2+ 30. Rexe2 Bd4 31. Ne3 e5 32. Nd5 Bxf2+ 33. Rxf2 Qd4 34. Nc3 e4 35. Qf4 b4 36. Ne2 Qxb2 37. Qd6 Rcd8 38. Qc5 Rf7 39. Nf4 Qd4 40. Qa5 e3 41. Rf3 Qd1+ 42. Kg2 Rd2+ 0-1

[Event "Rodovre-ch C"]
[Site "Rodovre"]
[Date "2007.10.16"]
[Round "5"]
[White "Henriksen, Franz"]
[Black "Eriksen, Bjorn"]
[Result "1/2-1/2"]
[WhiteElo "1402"]
[BlackElo "1347"]
[PlyCount "50"]
[EventDate "2007.09.04"]
[EventType "tourn"]
[EventRounds "7"]
[EventCountry "DEN"]
[SourceTitle "EXT 2023"]
[Source "ChessBase"]
[SourceDate "2022.10.05"]
[SourceVersion "1"]
[SourceVersionDate "2022.10.05"]
[SourceQuality "1"]

1. f4 d5 2. Nf3 Nf6 3. b3 g6 4. Bb2 Bg7 5. e3 0-0 6. c4 c6 7. Nc3 Bf5 8. Be2 Na6 9. 0-0 Nb4 10. Nd4 Bd3 11. a3 Bxe2 12. Qxe2 Na6 13. b4 c5 14. Nc2 d4 15. exd4 cxd4 16. Nd5 Nxd5 17. cxd5 Qxd5 18. Qd3 Rad8 19. Rac1 Rd7 20. Ne1 Rc7 21. Nf3 Rfc8 22. h3 Rxc1 23. Rxc1 Rxc1+ 24. Bxc1 Nc7 25. Bb2 Z0 1/2-1/2

[Event "Rodovre-ch C"]
[Site "Rodovre"]
[Date "2007.09.11"]
[Round "2"]
[White "Jonsson, John"]
[Black "Henriksen, Franz"]
[Result "1-0"]
[WhiteElo "1201"]
[BlackElo "1402"]
[PlyCount "81"]
[EventDate "2007.09.04"]
[EventType "tourn"]
[EventRounds "7"]
[EventCountry "DEN"]
[SourceTitle "EXT 2023"]
[Source "ChessBase"]
[SourceDate "2022.10.05"]
[SourceVersion "1"]
[SourceVersionDate "2022.10.05"]
[SourceQuality "1"]

1. c4 g6 2. Nc3 Bg7 3. d4 Nf6 4. e4 0-0 5. Nf3 d6 6. h3 b6 7. Be3 Re8 8. Qd2 Bb7 9. Bd3 e5 10. d5 Nbd7 11. Rc1 Nc5 12. Bc2 Qd7 13. 0-0 c6 14. b4 Na6 15. dxc6 Qxc6 16. b5 Qxc4 17. Bd3 Qe6 18. bxa6 Bc8 19. Bb5 Rd8 20. Rfd1 Bf8 21. Bg5 Be7 22. Bxf6 Bxf6 23. Nd5 Rb8 24. Nxf6+ Qxf6 25. Qg5 Qxg5 26. Nxg5 h6 27. Nf3 Be6 28. Rd2 f5 29. exf5 Bxf5 30. Rcd1 e4 31. Ne5 Rbc8 32. Nc6 Rd7 33. Rxd6 Rdc7 34. Rd8+ Rxd8 35. Rxd8+ Kg7 36. Ra8 Bd7 37. Rxa7 Rxa7 38. Nxa7 Be6 39. Nc6 Bc8 40. a7 Bb7 41. Nd8 1-0

[Event "Rodovre-ch C"]
[Site "Rodovre"]
[Date "2006.10.23"]
[Round "7"]
[White "Gemzoe, Bjorn"]
[Black "Henriksen, Franz"]
[Result "1/2-1/2"]
[WhiteElo "1374"]
[BlackElo "1435"]
[PlyCount "46"]
[EventDate "2006.09.05"]
[EventType "tourn"]
[EventRounds "7"]
[EventCountry "DEN"]
[SourceTitle "EXT 2023"]
[Source "ChessBase"]
[SourceDate "2022.10.05"]
[SourceVersion "1"]
[SourceVersionDate "2022.10.05"]
[SourceQuality "1"]

1. e3 c5 2. Ne2 Nc6 3. Ng3 e5 4. Be2 Nf6 5. d3 d5 6. b3 Bd6 7. 0-0 0-0 8. f4 exf4 9. exf4 Qc7 10. Nc3 d4 11. Nb5 Qd7 12. Nxd6 Qxd6 13. Ne4 Nxe4 14. dxe4 d3 15. Bxd3 Nb4 16. Kh1 h6 17. e5 Qd4 18. Bd2 Nxd3 19. cxd3 Qxd3 20. Rf3 Qb5 21. h3 b6 22. Qc2 Bb7 23. Rg3 Rad8 1/2-1/2

[Event "Rodovre-ch C"]
[Site "Rodovre"]
[Date "2006.10.10"]
[Round "6"]
[White "Vestergaard, John"]
[Black "Henriksen, Franz"]
[Result "1-0"]
[WhiteElo "1362"]
[BlackElo "1435"]
[PlyCount "79"]
[EventDate "2006.09.05"]
[EventType "tourn"]
[EventRounds "7"]
[EventCountry "DEN"]
[SourceTitle "EXT 2023"]
[Source "ChessBase"]
[SourceDate "2022.10.05"]
[SourceVersion "1"]
[SourceVersionDate "2022.10.05"]
[SourceQuality "1"]

1. d4 Nf6 2. c4 d5 3. cxd5 Nxd5 4. e4 Nf6 5. Nc3 c5 6. Nf3 Bg4 7. Bb5+ Nbd7 8. dxc5 e6 9. c6 bxc6 10. Bxc6 Rc8 11. Bxd7+ Nxd7 12. 0-0 Be7 13. Qd3 0-0 14. Nd2 f5 15. f3 Bc5+ 16. Kh1 fxe4 17. Ndxe4 Bf5 18. Be3 Bxe3 19. Qxe3 Nb6 20. Rad1 Qe7 21. Nd6 Rb8 22. Nxf5 Rxf5 23. b3 Rbf8 24. Rfe1 R5f6 25. Nd5 Nxd5 26. Rxd5 Qc7 27. Re5 Rh6 28. g3 Rff6 29. Kg2 Rfg6 30. f4 Qc6+ 31. Qe4 Qd7 32. f5 Rf6 33. Rxe6 Rxe6 34. fxe6 Qe8 35. Qd5 Kh8 36. e7 g5 37. Qd8 Qxd8 38. exd8Q+ Kg7 39. Qe7+ Kg6 40. Re6+ 1-0

[Event "Rodovre-ch C"]
[Site "Rodovre"]
[Date "2006.09.05"]
[Round "1"]
[White "Pedersen, Morten Lemvig"]
[Black "Henriksen, Franz"]
[Result "1-0"]
[WhiteElo "1480"]
[BlackElo "1435"]
[PlyCount "133"]
[EventDate "2006.09.05"]
[EventType "tourn"]
[EventRounds "7"]
[EventCountry "DEN"]
[SourceTitle "EXT 2023"]
[Source "ChessBase"]
[SourceDate "2022.10.05"]
[SourceVersion "1"]
[SourceVersionDate "2022.10.05"]
[SourceQuality "1"]

1. d4 g6 2. Nf3 c6 3. c4 Bg7 4. Nc3 Nf6 5. e3 d6 6. Bd3 0-0 7. 0-0 Re8 8. Qe2 e5 9. dxe5 dxe5 10. e4 Nh5 11. Rd1 Qc7 12. h3 Be6 13. Be3 Nd7 14. Rd2 Rad8 15. Rad1 b6 16. b3 f5 17. Bg5 Nhf6 18. Bc2 h6 19. exf5 gxf5 20. Bh4 e4 21. Nd4 Nc5 22. Qe3 f4 23. Qe1 Bf7 24. Bxf6 Bxf6 25. Nxe4 Nxe4 26. Bxe4 c5 27. Nb5 Qb8 28. Rxd8 Rxd8 29. Rxd8+ Qxd8 30. Nxa7 Kg7 31. Nb5 Qe7 32. Qb1 Be8 33. Na3 Be5 34. Nc2 Bd7 35. Ne1 Kf8 36. Qd3 Qg7 37. Bf5 Bd4 38. Bxd7 Qxd7 39. Kf1 Kg7 40. Nf3 Qd6 41. Nh4 Qf6 42. Nf3 Qd6 43. Qe4 Bf6 44. Qd5 Qc7 45. Nd2 Qe7 46. Ne4 Be5 47. Qc6 Qd8 48. Qd5 Qe7 49. Nd2 Bc3 50. Nf3 Bf6 51. Qf5 Qd6 52. Qg4+ Kh7 53. Qf5+ Kg7 54. Qc2 Qe6 55. a3 Qd6 56. Qd2 Qe7 57. Qxf4 Qd7 58. Qg4+ Qxg4 59. hxg4 Kg6 60. Nd2 Kg5 61. Ne4+ Kg6 62. Nxf6 Kxf6 63. f4 Ke6 64. Ke2 Kf6 65. Ke3 Ke6 66. Ke4 Kf6 67. Kd5 1-0